• 首页
  • 本馆介绍
  • 公告通知
  • 最新文献
  • 馆藏检索
  • 电子资源
  • 读者导购
  • 参考咨询
  • 我的图书馆
  • 登录
  • 详细信息显示
  • 放入我的书架
  • 预约/预借图书
  • 作者相关作品
  • 分类相关作品
  • 丛书相关作品
  • 出版社相关作品

书目信息

  • 表格格式
  • 工作单格式
  • 卡片格式
题名:
有机化学
    
 
作者: 张文勤 编
分册:  
出版信息: 北京   高等教育出版社  2018重印
页数: 624页
开本: 23cm
丛书名:
单 册:
中图分类: O62-43
科图分类:
主题词: 有机化学--you ji hua xue--教材
电子资源:
ISBN: 978-7-04-039598-3
000 00946nam0 2200277 45
001 012001002812
005 20191121143136.09
010    @a978-7-04-039598-3@dCNY63.00
099    @aCAL 012014125882
100    @a20141022d2014 em y0chiy50 ea
101 0  @achi
102    @aCN@b110000
105    @aa a 000yy
106    @ar
200 1  @a有机化学@Ayou ji hua xue@f张文勤 ... [等] 编
205    @a第5版
210    @a北京@c高等教育出版社@d2018重印
215    @a624页@c图@d23cm
300    @a面向21世纪课程教材
320    @a有书目 (第623-624页)
330    @a本书共二十章,内容包括:烷烃和环烷烃,烯烃和炔烃,二烯烃共轭体系,芳烃芳香性,立体化学,卤代烃,有机化合物的波谱分析,醇和酚,醚和环氧化合物,醛、酮和醌,羧酸,羧酸衍生物,β-二羰基化合物等。
606 0  @a有机化学@Ayou ji hua xue@j教材
690    @aO62-43@v5
701  0 @a张文勤@Azhang wen qin@4编
801  0 @aCN@b北京卓展@c20191020
905    @b1204454-7@dO62-43@e258=5@f4
    
    有机化学/张文勤 ... [等] 编.-第5版.-北京:高等教育出版社,2018重印
    624页:图;23cm
    面向21世纪课程教材
    
    ISBN 978-7-04-039598-3:CNY63.00
    本书共二十章,内容包括:烷烃和环烷烃,烯烃和炔烃,二烯烃共轭体系,芳烃芳香性,立体化学,卤代烃,有机化合物的波谱分析,醇和酚,醚和环氧化合物,醛、酮和醌,羧酸,羧酸衍生物,β-二羰基化合物等。
●
相关链接 在E读中查询图书 在五车中查询图书 在当当中查询图书 在豆瓣中查询图书


正题名:有机化学     索取号:O62-43/258=5         预约/预借

序号 登录号 条形码 馆藏地/架位号 状态 备注
1 1204454   212044544   第二样本阅览室/ [索取号:O62-43/258=5] 在馆    
2 1204455   212044553   第三借阅区/ [索取号:O62-43/258=5] 在馆    
3 1204456   212044562   第三借阅区/ [索取号:O62-43/258=5] 在馆    
4 1204457   212044571   第三借阅区/ [索取号:O62-43/258=5] 在馆    
唐山师范学院图书馆 欢迎您!
大连网信软件有限公司© 版权所有